<?xml version="1.0" encoding="UTF-8"?>
<marc:record xmlns:marc="http://www.loc.gov/MARC21/slim">
   <marc:leader>00000nam a2200000 a 4500</marc:leader>
   <marc:datafield ind1="1" ind2=" " tag="100">
      <marc:subfield code="a">Bateson-Hill, Margaret</marc:subfield>
      <marc:subfield code="4">aut</marc:subfield>
      <marc:subfield code="e">Verfasser/-in</marc:subfield>
   </marc:datafield>
   <marc:datafield ind1=" " ind2=" " tag="653">
      <marc:subfield code="a">Antolin</marc:subfield>
   </marc:datafield>
   <marc:datafield ind1=" " ind2=" " tag="653">
      <marc:subfield code="a">Klasse-2</marc:subfield>
   </marc:datafield>
   <marc:datafield ind1="0" ind2="0" tag="245">
      <marc:subfield code="a">Leah und der Stern von Bethlehem</marc:subfield>
   </marc:datafield>
   <marc:datafield ind1=" " ind2="1" tag="264">
      <marc:subfield code="b">Verlag Herder</marc:subfield>
      <marc:subfield code="c">2022</marc:subfield>
   </marc:datafield>
   <marc:datafield ind1="1" ind2=" " tag="520">
      <marc:subfield code="a">Eine ganz besondere Nacherzählung der biblischen Weihnachtsgeschichte: Leah, die Tochter des Herbergsvaters, erzählt von ihrer ganz besonderen Begegnung mit Maria und Josef und dem neugeborenen Jesuskind. Sie berichtet von der aufregenden Nacht im Stall und dem Wunder von Jesu Geburt, das sie miterlebt. Und gemeinsam mit ihr erlebt auch der Leser die Heilige Nacht "hautnah" und zutiefst menschlich. Die malerischen und sehr emotionalen Bilder unterstreichen den besonderen Charakter des Buches. Und neben der Weihnachtserzählung enthält die Geschichte noch so viel mehr, nicht zuletzt die Botschaft, dass auch oder gerade die Kleinen für Großes auserwählt sind.</marc:subfield>
   </marc:datafield>
   <marc:datafield ind1=" " ind2=" " tag="020">
      <marc:subfield code="a">9783451716546</marc:subfield>
      <marc:subfield code="9">9783451716546</marc:subfield>
   </marc:datafield>
</marc:record>
